Analýza úrovne globalizácie na Slovensku na základe komparácie vybraných indexov

Salvato in:
Dettagli Bibliografici
Autore principale: Nemečková, Soňa
Natura: Capitolo di libro
Lingua:slovacco
Tags: Aggiungi Tag
Nessun Tag, puoi essere il primo ad aggiungerne!!

MARC

LEADER 00000nla$a2200000$$$4500
001 0145196
005 20240502072617.5
041 0 |a slo 
044 |a SK 
245 1 0 |a Analýza úrovne globalizácie na Slovensku na základe komparácie vybraných indexov  |c Soňa Nemečková 
100 1 |a Nemečková, Soňa